000 00429nam a2200157 a 4500
001 000034749
005 20200930073859.0
008 111019s1970 xxu 000 0 spa d
040 _aDO-SdBNP
_bspa
_cBNPHU
082 _axxxx
_bT867j
100 1 _aTrumbo, Dalton,
_d1905 -1976
_960229
245 1 0 _aJohnny got his gun /
_cDalton Trumbo.
260 _aLondon :
_bBantam Books,
_c1970.
300 _a243 p. ;
_c18 cm.
049 _aBNGR
999 _c34240
_d34240